Советы нервным больным и их семьям (Запись № 6009698)

Подробности
000 -МАРКЕР
контрольное поле 01465nam0a22003011 4500
001 - ИДЕНТИФИКАТОР ЗАПИСИ
контрольное поле v19\rc\1994880
005 - ИДЕНТИФИКАТОР ВЕРСИИ
контрольное поле 20260406004017.0
035 ## - ДРУГИЕ СИСТЕМНЫЕ НОМЕРА
Идентификатор записи (NLR Aleph) 005272022
100 ## - ДАННЫЕ ОБЩЕЙ ОБРАБОТКИ
Данные общей обработки 20080811d1914 |||y0rusy50 ca
101 1# - ЯЗЫК РЕСУРСА
Язык текста, звукозаписи и т.д. русский
Язык оригинала французский
102 ## - СТРАНА ПУБЛИКАЦИИ ИЛИ ПРОИЗВОДСТВА
Страна публикации российская федерация
105 ## - ПОЛЕ КОДИРОВАННЫХ ДАННЫХ: ТЕКСТОВЫЕ МАТЕРИАЛЫ, МОНОГРАФИЧЕСКИЕ
Кодированные данные о монографическом текстовом документе y z |||||
200 1# - ЗАГЛАВИЕ И СВЕДЕНИЯ ОБ ОТВЕТСТВЕННОСТИ
Основное заглавие Советы нервным больным и их семьям
Первые сведения об ответственности Д-р Г. Цбинден
Последующие сведения об ответственности С предисл. проф. Берн. ун-та Дюбуа
-- Пер. с фр. под ред. д-ра О.И. Бронштейна
-- С предисл. к рус. пер. проф. Н.Н. Баженова
210 ## - ПУБЛИКАЦИЯ, РАСПРОСТРАНЕНИЕ И ДР.
Место издания, распространения и т.д. Москва
Имя издателя, распространителя и т. д. "Польза" В. Антик и К°
Дата издания, распространения и т.д. 1914
215 ## - ФИЗИЧЕСКАЯ ХАРАКТЕРИСТИКА
Специфическое обозначение материала и объем 124 с.
Размеры 15
225 1# - СЕРИЯ
Основное заглавие серии Универсальная библиотека
Обозначение тома № 640
700 #1 - ИМЯ ЛИЦА - ПЕРВИЧНАЯ ОТВЕТСТВЕННОСТЬ
Материалы, к которым относится поле rus
Графика поля Кириллица
Начальный элемент ввода Цбинден
Часть имени, кроме начального элемента ввода А.
Расширение инициалов личного имени Анри
Идентификатор авторитетной/нормативной записи RU\NLR\AUTH\77113533
Системный номер авторитетной/нормативной записи 96458
702 #1 - ИМЯ ЛИЦА - ВТОРИЧНАЯ ОТВЕТСТВЕННОСТЬ
Код отношения Автор введения, предисловия, примечания и т.п.
Материалы, к которым относится поле rus
Графика поля Кириллица
Начальный элемент ввода Дюбуа
Часть имени, кроме начального элемента ввода П.
Дополнения к именам, кроме дат невропатолог
Даты 1848-1918
Расширение инициалов личного имени Поль
Идентификатор авторитетной/нормативной записи RU\NLR\AUTH\77113534
Системный номер авторитетной/нормативной записи 96459
702 #1 - ИМЯ ЛИЦА - ВТОРИЧНАЯ ОТВЕТСТВЕННОСТЬ
Код отношения Редактор
Материалы, к которым относится поле rus
Графика поля Кириллица
Начальный элемент ввода Бронштейн
Часть имени, кроме начального элемента ввода О. И.
Дополнения к именам, кроме дат д-р медицины
Даты 1873-1944
Расширение инициалов личного имени Осип Ильич
Идентификатор авторитетной/нормативной записи RU\NLR\AUTH\77112652
Системный номер авторитетной/нормативной записи 95577
702 #1 - ИМЯ ЛИЦА - ВТОРИЧНАЯ ОТВЕТСТВЕННОСТЬ
Начальный элемент ввода Баженов
Часть имени, кроме начального элемента ввода Н.Н.
Даты 1857-1923
Расширение инициалов личного имени Николай Николаевич
Код отношения Автор введения, предисловия, примечания и т.п.
801 #0 - ИСТОЧНИК ЗАПИСИ
Страна российская федерация
Организация NLR
Дата составления 20080811
Правила каталогизации psbo
801 #0 - ИСТОЧНИК ЗАПИСИ
Страна российская федерация
Организация RuMoRGB
Дата составления 20080811
Источник данных psbo
801 #1 - ИСТОЧНИК ЗАПИСИ
Страна российская федерация
Организация ProSoft-M
Дата составления 20080811
Источник данных rusmarc
801 #2 - ИСТОЧНИК ЗАПИСИ
Страна российская федерация
Организация NLR
Дата составления 20120704
Источник данных rusmarc
852 ## - МЕСТОНАХОЖДЕНИЕ И ШИФР ХРАНЕНИЯ
Идентификатор организации NLR
Шифр хранения (Call Number) 37.36.11.1(№ 640)
942 ## - ДОПОЛНИТЕЛЬНЫЕ ЭЛЕМЕНТЫ ЗАПИСИ (АБИС)
Тип экземпляра АБИС Книга
980 ## - КОЛЛЕКЦИЯ
Название коллекции Национальная библиография
Экземпляры
Тип экземпляра Дата поступления Библиотека постоянного хранения Библиотека текущего хранения Место хранения Шифр хранения Штрих-код Статус не для выдачи
Книга 26.10.2013 РНБ (Садовая) РНБ (Садовая) Русский книжный фонд -Главное здание, Ленинский читальный зал 37.36.11.1(№ 640) 5272022-10